000 00527nam a2200205Ia 4500
003 OSt
005 20230327101955.0
008 210423s2005 xx 000 0 und d
020 _a195674006
040 _cAL
041 _aeng
082 _a543.0858
_223
_b BRIA
100 _aBRISDAN (Alank).
_978114
245 _aInorganic spectroscopic methods.
260 _aNew Delhi
_bOxford University Press
_c2005
300 _a91
_bPB
365 _b125
_cINR
906 _aInorganic ; methods. ; spectroscopic
942 _2ddc
_cBK
999 _c154095
_d154095